Statistics for Age of Majority

Click here to take the quiz!

General Stats

  • This quiz has been taken 14 times
  • The average score is 9 of 15

Answer Stats

ContinentCountry% Correct
AfricaMadagascar
75%
AsiaSingapore
75%
AsiaBahrain
63%
AfricaCameroon
63%
AfricaGabon
63%
AmericasHonduras
63%
AfricaLesotho
63%
AfricaSwaziland
63%
AsiaUnited Arab
Emirates
63%
AfricaZambia
63%
AfricaEgypt
50%
AsiaKuwait
50%
AfricaNamibia
50%
AfricaCote d'Ivoire
38%
AmericasGrenada
38%

Score Distribution

Percentile by Number Answered

Percent of People with Each Score

Your Score History

You have not taken this quiz